MARC details
| 000 -LEADER |
| fixed length control field |
00918nam a2200301 a 4500 |
| 001 - CONTROL NUMBER |
| control field |
200466509 |
| 003 - CONTROL NUMBER IDENTIFIER |
| control field |
TR-AnTOB |
| 005 - DATE AND TIME OF LATEST TRANSACTION |
| control field |
20251211105255.0 |
| 007 - PHYSICAL DESCRIPTION FIXED FIELD--GENERAL INFORMATION |
| fixed length control field |
t |
| 008 - FIXED-LENGTH DATA ELEMENTS--GENERAL INFORMATION |
| fixed length control field |
210312s[t.y$$$$tu#a###$r01###$$$$#tur u |
| 040 ## - CATALOGING SOURCE |
| Language of cataloging |
tur |
| Description conventions |
rda |
| Transcribing agency |
TR |
| 041 0# - LANGUAGE CODE |
| Language code of text/sound track or separate title |
Türkçe |
| 044 ## - COUNTRY OF PUBLISHING/PRODUCING ENTITY CODE |
| ISO country code |
tu |
| 090 10 - LOCALLY ASSIGNED LC-TYPE CALL NUMBER (OCLC); LOCAL CALL NUMBER (RLIN) |
| Classification number (OCLC) (R) ; Classification number, CALL (RLIN) (NR) |
956.0743 |
| Local cutter number (OCLC) ; Book number/undivided call number, CALL (RLIN) |
ÇANa [t.y.] H.Ağca |
| 245 1# - TITLE STATEMENT |
| Title |
Çanakkale Kahramanı Mustafa Kemal: “Ben Size Taarruzu Değil Ölmeyi Emrediyorum” Cilt/2 |
| Statement of responsibility, etc. |
haz. Faruk Demir. |
| 260 #1 - PUBLICATION, DISTRIBUTION, ETC. |
| Place of publication, distribution, etc. |
İstanbul |
| Name of publisher, distributor, etc. |
Atakitabevi |
| Date of publication, distribution, etc. |
[t.y.] |
| 264 #1 - PRODUCTION, PUBLICATION, DISTRIBUTION, MANUFACTURE, AND COPYRIGHT NOTICE |
| Place of production, publication, distribution, manufacture |
İstanbul : |
| Name of producer, publisher, distributor, manufacturer |
Atakitabevi, |
| Date of production, publication, distribution, manufacture, or copyright notice |
[t.y.]. |
| 300 ## - PHYSICAL DESCRIPTION |
| Extent |
223 s. : |
| Other physical details |
fotoğ. ; |
| Dimensions |
19 sm.. |
| 336 ## - CONTENT TYPE |
| Content type term |
metin |
| Content type code |
txt |
| Source |
rdacontent |
| 337 ## - MEDIA TYPE |
| Media type term |
aracısız |
| Media type code |
n |
| Source |
rdamedia |
| 338 ## - CARRIER TYPE |
| Carrier type term |
cilt |
| Carrier type code |
nc |
| Source |
rdacarrier |
| 650 #0 - SUBJECT ADDED ENTRY--TOPICAL TERM |
| Topical term or geographic name entry element |
Atatürk, Mustafa Kemal |
|
| Topical term or geographic name entry element |
Osmanlı İmparatorluğu - Tarih, Çanakkale Savaşları |
| 902 ## - LOCAL DATA ELEMENT B, LDB (RLIN) |
| a |
0100031 |
| 942 ## - ADDED ENTRY ELEMENTS (KOHA) |
| Source of classification or shelving scheme |
Library of Congress Classification |
| Koha item type |
Book |